Účtovanie nákladov a výnosov podniku v kontexte uplatňovania účtovných zásad
Analýza nákladov a výnosov z hľadiska ich obsahového vymedzenia, účtovného zobrazenia, oceňovania, kritérií pre ich vykázanie v účtovnej závierke a spôsobu ich prezentovania v účtovnej závierke podnikateľských subjektov v kontexte uplatňovania účtovných zásad. Zásady pre účtovanie nákladov a pre ich...
Guardado en:
| Autor principal: | |
|---|---|
| Otros Autores: | |
| Formato: | Capítulo de libro |
| Lenguaje: | eslovaco |
| Materias: | |
| Etiquetas: |
Sin Etiquetas, Sea el primero en etiquetar este registro!
|
MARC
| LEADER | 00000nla a2200000 4500 | ||
|---|---|---|---|
| 001 | 0240532 | ||
| 005 | 20240502073918.2 | ||
| 041 | 0 | |a slo | |
| 044 | |a SK | ||
| 245 | 1 | 0 | |a Účtovanie nákladov a výnosov podniku v kontexte uplatňovania účtovných zásad |c Dominika Krupášová, Miroslav Klimek |
| 520 | |a Analýza nákladov a výnosov z hľadiska ich obsahového vymedzenia, účtovného zobrazenia, oceňovania, kritérií pre ich vykázanie v účtovnej závierke a spôsobu ich prezentovania v účtovnej závierke podnikateľských subjektov v kontexte uplatňovania účtovných zásad. Zásady pre účtovanie nákladov a pre ich časové rozlišovanie podľa zákona č. 431/2002 Z. z. o účtovníctve. Časové rozlíšenie nákladov a výnosov. Zásady účtovania nákladov. Výnosy. Účtovanie časového rozlíšenia nákladov a výnosov. Analýza účtovnej závierky v kontexte uplatňovania účtovných zásad. | ||
| 610 | 2 | 0 | |a podnik |
| 610 | 2 | 0 | |a účtovníctvo |
| 610 | 2 | 0 | |a účtovanie |
| 610 | 2 | 0 | |a účtovanie nákladov |
| 610 | 2 | 0 | |a závierka účtovná |
| 610 | 2 | 0 | |a náklady |
| 610 | 2 | 0 | |a výnosy |
| 610 | 2 | 0 | |a analýzy |
| 610 | 2 | 0 | |a legislatíva |
| 610 | 2 | 0 | |a Slovensko |
| 100 | 1 | |a Krupášová, Dominika | |
| 700 | 1 | |a Klimek, Miroslav | |